[Event "Ceske Budejovice op"]
[Site "Ceske Budejovice"]
[Date "2021.07.06"]
[Round "6"]
[White "Cipl, Jan"]
[Black "Zednicek, Filip"]
[Result "1-0"]
[WhiteElo "1730"]
[BlackElo "1548"]
[PlyCount "39"]
[EventDate "2021.07.01"]
[EventType "swiss"]
[EventRounds "9"]
[EventCountry "CZE"]
[SourceTitle "CBM 203 Extra"]
[Source "ChessBase"]
[SourceDate "2021.09.30"]
[SourceVersion "1"]
[SourceVersionDate "2021.09.30"]
[SourceQuality "1"]

1. e4 e5 2. Nf3 Nc6 3. d4 exd4 4. Nxd4 Bc5 5. Be3 Qf6 6. c3 Nge7 7. Bc4 Ne5 8. Bb3 N5g6 9. 0-0 d6 10. Nb5 0-0 11. Bxc5 dxc5 12. Nxc7 Nh4 13. Nxa8 Qg6 14. g3 Bh3 15. f3 Rxa8 16. Rf2 Nc6 17. Qd5 Rd8 18. Qxc5 Nxf3+ 19. Rxf3 Qg4 20. Nd2 1-0

[Event "Liptovsky Mikulas CupT U20"]
[Site "Liptovsky Mikulas"]
[Date "2017.06.25"]
[Round "7.3"]
[White "Cipl, Jan"]
[Black "Demko, Robert"]
[Result "0-1"]
[WhiteElo "1310"]
[BlackElo "1730"]
[PlyCount "54"]
[EventDate "2017.06.21"]
[EventType "team-swiss"]
[EventRounds "8"]
[EventCountry "SVK"]
[SourceTitle "CBM 179 Extra"]
[Source "ChessBase"]
[SourceDate "2017.08.23"]
[SourceVersion "1"]
[SourceVersionDate "2017.08.23"]
[SourceQuality "1"]
[WhiteTeam "Svetla nad Sazavou"]
[BlackTeam "Interchess"]
[WhiteTeamCountry "CZE"]
[BlackTeamCountry "CZE"]

1. e4 c5 2. Nf3 d6 3. d4 cxd4 4. Nxd4 Nf6 5. Nc3 a6 6. Bc4 e6 7. Bb3 Nbd7 8. Bg5 Nc5 9. Bc4 Be7 10. Qf3 0-0 11. 0-0 Qc7 12. Be2 b5 13. e5 dxe5 14. Qxa8 exd4 15. Bxf6 Bxf6 16. Ne4 Bb7 17. Nxf6+ gxf6 18. Qxf8+ Kxf8 19. Rac1 Qf4 20. Rfd1 e5 21. Rb1 Qg5 22. f3 Ne6 23. g3 Qe3+ 24. Kf1 Bxf3 25. Re1 Ng5 26. Rbd1 Nh3 27. Bxf3 Qf2# 0-1

[Event "Kouty nad Desnou op-B"]
[Site "Kouty nad Desnou"]
[Date "2017.03.17"]
[Round "8"]
[White "Cipl, Jan"]
[Black "Bierska, Adela"]
[Result "0-1"]
[WhiteElo "1324"]
[BlackElo "1624"]
[PlyCount "52"]
[EventDate "2017.03.11"]
[EventType "swiss"]
[EventRounds "9"]
[EventCountry "CZE"]
[SourceTitle "CBM 177 Extra"]
[Source "ChessBase"]
[SourceDate "2017.04.27"]
[SourceVersion "1"]
[SourceVersionDate "2017.04.27"]
[SourceQuality "1"]

1. e4 c5 2. Nf3 d6 3. d4 cxd4 4. Nxd4 Nf6 5. Nc3 g6 6. f3 Bg7 7. Be3 0-0 8. Bc4 Nc6 9. Bb3 Bd7 10. Nxc6 bxc6 11. Qd2 c5 12. Bh6 a5 13. Bxg7 Kxg7 14. a4 Qb6 15. 0-0-0 Rab8 16. Nd5 Nxd5 17. Qxd5 Be6 18. Qd3 c4 19. Qc3+ Kg8 20. Ba2 Rfc8 21. Qd4 Qb4 22. b3 cxb3 23. Qxb4 axb4 24. Bb1 bxc2 25. Bxc2 b3 26. Rd2 bxc2 0-1